| 000 | 00367nam a22001577a 4500 | ||
|---|---|---|---|
| 003 | SGT | ||
| 020 | _a978-084937055-7 | ||
| 082 | _a615.190, V08A | ||
| 100 | _aAGALLOCO, JAMES | ||
| 245 | _aVALIDATION OF PHARMACEUTICAL PROCESSES | ||
| 250 | _a3RD | ||
| 260 |
_aNEW YORK _bINFORMA HEALTHCARE _c2008 |
||
| 300 | _a737 | ||
| 650 | _aPHARMACEUTICAL | ||
| 942 |
_2ddc _cBK _01 |
||
| 999 |
_c8161 _d8161 |
||